مفهوم النص : (Record no. 6013)
[ view plain ]
| 000 -الفاتح | |
|---|---|
| حقل البيانات ثابتة الطول | 00637nac a22001691u 4500 |
| 008 - عناصر البيانات ثابتة الطول - معلومات عامة | |
| حقل البيانات ثابتة الطول | 101003s1990 xxu||||| |||| 00| 0 ara d |
| 020 ## - الرقم الدولى المعيارى للكتب | |
| الرقم الدولى المعيارى للكتاب | 9770124818 |
| 082 ## - رقم تصنيف ديوى العشرى | |
| رقم التصنيف | 227 |
| رقم المادة | ز ي د |
| 100 1# - المدخل الرئيسى - إسم شخصى | |
| الإسم الشخصى | أبوزيد ، نصر حامد |
| 9 (RLIN) | 20031 |
| 245 ## - بيان العنوان | |
| العنوان | مفهوم النص : |
| بقية العنوان | دراسة في علوم القرآن / |
| بيان المسئوليه,etc | نصر حامد ابو زيد |
| 260 ## - PUBLICATION, DISTRIBUTION, ETC. (IMPRINT) | |
| مكان الناشر او الموزع | القاهرة : |
| اسم الناشر او الموزع | الهيئة المصرية العامة للكتاب ،1990 |
| تاريخ النشر أو التوزيع | 1990. |
| 300 ## - الوصف المادى | |
| التعداد | 359 ص ؛ |
| أبعاد الوعاء | 18 سم. |
| 490 ## - بيان السلسلة | |
| -- | 20035 |
| عنوان السلسلة | دراسات أدبية |
| 504 ## - تبصرة ببليوجرافية | |
| تبصرة ببليوجرافية,الخ | ببليوجرافية ص 351-356 |
| 511 ## - | |
| -- | Catalogued by: Sara |
| 942 ## - عناصر المدخل الإضافي( كوها) | |
| Koha [default] item type | Book - Borrowing |
| سابقة رقم الطلب | 227 ز ي د |
| مصدر التصنيف او مخطط الترفيف | Dewey Decimal Classification |
| حالة التراجع | حالة الفقد | مصدر التصنيف او خطة الترفيف | حالة تلف | ليس للاعارة | مجموعات كوها | المكان الدائم | المكان الحالي | موقع الترفيف | تاريخ الاكتساب | Source of acquisition | رقم الاستدعاء | الباركود | Date last seen | نوع الوعاء |
|---|---|---|---|---|---|---|---|---|---|---|---|---|---|---|
| Dewey Decimal Classification | Alef-Baa | Central Library | Central Library | Lower Floor | 07/11/2012 | 227 ز ي د | 000007575 | 15/07/2025 | Book - Borrowing |